Komparácia vybraných právnych foriem podnikania v SR a vo vybranej krajine EÚ bakalárska práca

Guardado en:
Detalles Bibliográficos
Autor principal: Dzvoníková, Anna
Autor Corporativo: Podnikovohospodárska fakulta EU so sídlom v Košiciach. Katedra ekonómie
Otros Autores: Meheš, Marek
Formato: Libro
Lenguaje:eslovaco
Publicado: Košice 2017
Etiquetas: Agregar Etiqueta
Sin Etiquetas, Sea el primero en etiquetar este registro!

MARC

LEADER 00000nbm a2200000 4500
001 0231671
005 20240827092456.9
041 0 |a slo 
044 |a SK 
245 1 0 |a Komparácia vybraných právnych foriem podnikania v SR a vo vybranej krajine EÚ  |b bakalárska práca  |c Anna Dzvoníková ; školiteľ: Marek Meheš 
264 1 |a Košice  |c 2017 
300 |a 51 s. 
100 1 |a Dzvoníková, Anna 
700 1 |a Meheš, Marek 
710 2 |a Podnikovohospodárska fakulta EU so sídlom v Košiciach. Katedra ekonómie